| 000 | 00803pam a2200253 a 4500 | ||
|---|---|---|---|
| 008 | |||
| 020 | _a0419227709 (pbk.) | ||
| 049 | _aMAIN | ||
| 090 | _aNA2542.3BAK | ||
| 100 | 1 | _aBaker, Nick. | |
| 245 | 1 | 0 |
_aEnergy and environment in architecture : _ba technical design guide / _cNick Baker and Koen Steemers. |
| 260 |
_aNew York : _bE&FN Spon, _c2000. |
||
| 300 |
_a224 p. : _bill. ; _c28 cm. |
||
| 500 | _aIncludes index. | ||
| 504 | _aIncludes bibliographical references. | ||
| 650 | 0 | _aArchitecture and energy conservation. | |
| 650 | 0 |
_aPublic buildings _xDesign and construction. |
|
| 700 | 1 | _aSteemers, Koen. | |
| 907 |
_a.b10201099 _b10-05-06 _c08-05-06 |
||
| 003 | |||
| 005 | 20230123134211.0 | ||
| 040 | _cNUST | ||
| 942 |
_cBOOKS _kNA2542.3BAK |
||
| 999 |
_c161789 _d161789 |
||